Fishery development experiences

שמור ב:
מידע ביבליוגרפי
מחבר ראשי: Allsopp, W. H. L (Author)
פורמט: ספר
שפה:אנגלית
יצא לאור: Farnham Fishing News Books 1985
נושאים:
תגים: הוספת תג
אין תגיות, היה/י הראשונ/ה לתייג את הרשומה!

MARC

LEADER 00000nam a2200000 a 4500
001 UCV5511
003 CL-VaPUC
008 930902e19850000UK |||||||||||||||||eng|d
082 0 4 |a 639.2068  |b ALL  |2 21 
100 0 |a Allsopp, W. H. L  |e author  |9 299845 
245 1 0 |a Fishery development experiences 
300 |a 160 p 
942 |c BK 
945 |d 19930902 00:00:00 
260 |a Farnham  |b Fishing News Books  |c 1985 
650 7 |a INDUSTRIA PESQUERA ADMINISTRACION  |2 CL-VaPUC  |9 261182 
650 7 |a CONSERVACION DE RECURSOS PESQUEROS  |2 CL-VaPUC  |9 261160 
583 |a last modification  |c 19930902 00:00:00  |k Rodrigo Vera 
999 |c 212020  |d 212018 
952 |0 0  |1 0  |4 0  |6 639_206800000000000_ALL_1985  |7 0  |8 CCM  |9 192302  |a BIBCUR  |b BIBCUR  |d 2019-11-14  |i 2596733  |o 639.2068 ALL 1985  |p 2596733  |r 2025-04-22  |w 2019-11-14  |y BK  |k CIM